Best Alternative Album Winners: Picture Quiz - Statistics

General Stats
  • This quiz has been taken 51 times
  • The average score is 13 of 25
Answer Stats
Picture Answer % Correct
Nirvana
98%
Green Day
93%
Sinéad O'Connor
93%
David Bowie
91%
U2
91%
Coldplay
88%
The White Stripes
88%
Beastie Boys
79%
Beck
70%
Radiohead
60%
R.E.M.
53%
Fiona Apple
47%
Tom Waits
47%
Wet Leg
47%
The Black Keys
37%
Gnarls Barkley
35%
Boygenius
33%
Gotye
33%
Vampire Weekend
30%
St. Vincent
23%
Alabama Shakes
19%
Bon Iver
12%
The National
12%
Wilco
12%
Phoenix
5%
No matching quizzes found
Score Distribution
Percent of People with Each Score
Percentile by Number Answered
Your Score History
You have not taken this quiz